000 00187nam a22000857a 4500
001 1236206
005 20251001145219.0
245 _aUÇAN MOTOR
_cGÜLTEN DAYIOĞLU
260 _bALTIN KİTAPLAR
999 _c1236206
_d1236206